000 00272nam a22001217a 4500
008 170601b xxu||||| |||| 00| 0 eng d
041 _aeng
080 _a94 (7/8)
100 _a17
101 _aSHH
245 _aA HISTORY UNITED STATES
_cDUMOND.D.L
942 _2udc
_cBK
999 _c15336
_d15336